000
00288nam a22001337a 4500
008
181006b xxu||||| |||| 00| 0 eng d
020
_a
9780764142567
041
_a
eng
080
_a
330.722
100
_a
61
101
_a
KON
245
_a
E-Z Accounting
_c
Eisen, P.J
942
_2
udc
_c
BK
999
_c
48943
_d
48943